000 00561nam a2200205 a 4500
001 18156
003 CO-ViMGA
008 141112s2004 ck r 000 u spa d
020 _a9582401419
040 _aCO-ViMGA
_bspa
_cCO-ViMGA
082 0 4 _aCo863.6 V153v
100 1 _aVallejo, Fernando
_925840
245 1 0 _aLa virgen de los sicarios
260 _aBogotá,
_cAlfaguara,
_c2002
300 _a121.p.
590 _aForma de adquisición : Premio - Mincultura
650 1 4 _aNOVELA COLOMBIANA
_91193
650 1 4 _aSICARIATO - NOVELA
_925841
942 _2ddc
_cBK
999 _c27528
_d27528